Catálogo público

Diagnóstico, dispersión y manejo para la marchitez en ramas de aguacate ( Persea americana Mill.) en la Trinitaria, Chiapas / (Record no. 220020)

MARC details
000 -CABECERA
campo de control de longitud fija 03728nam a2200337 4500
003 - IDENTIFICADOR DEL NÚMERO DE CONTROL
campo de control OSt
005 - FECHA Y HORA DE LA ÚLTIMA TRANSACCIÓN
campo de control 20240626094114.0
007 - CAMPO FIJO DE DESCRIPCIÓN FÍSICA--INFORMACIÓN GENERAL
campo de control de longitud fija cr ||||||a|c|a
008 - DATOS DE LONGITUD FIJA--INFORMACIÓN GENERAL
campo de control de longitud fija 240624s2021 mx adb|fom||| 001 0 spa d
040 ## - FUENTE DE LA CATALOGACIÓN
Normas de descripción rda
100 1# - ENTRADA PRINCIPAL--NOMBRE DE PERSONA
9 (RLIN) 189251
Nombre de persona Becerra Durán, Luis Alejandro
245 1# - MENCIÓN DE TÍTULO
Título Diagnóstico, dispersión y manejo para la marchitez en ramas de aguacate ( Persea americana Mill.) en la Trinitaria, Chiapas /
Mención de responsabilidad, etc. por Luis Alejandro Becerra Durán; director Manuel Alejandro Tejeda Reyes; secretario Erick Acuayte Valdés; vocal Alejandro F. Barrientos Priego; suplente Jaime Alfredo Urzúa Gutiérrez; suplente Calixto Leopoldo Carrillo Fonseca
264 1# - PRODUCCIÓN, PUBLICACIÓN, DISTRIBUCIÓN, FABRICACIÓN Y COPYRIGHT
Producción, publicación, distribución, fabricación y copyright Chapingo, México :
Nombre del de productor, editor, distribuidor, fabricante El autor,
Fecha de producción, publicación, distribución, fabricación o copyright 2021.
300 ## - DESCRIPCIÓN FÍSICA
Extensión 1 recurso en línea (49 páginas):
Otras características físicas Ilustraciones, cuadros, fotos, gráficas, mapas
336 ## - TIPO DE CONTENIDO
Fuente rdacontent
Término de tipo de contenido texto
Código de tipo de contenido txt
337 ## - TIPO DE MEDIO
Fuente rdamedia
Nombre/término del tipo de medio computadora
Código del tipo de medio c
338 ## - TIPO DE SOPORTE
Fuente rdacarrier
Nombre/término del tipo de soporte recurso en línea
Código del tipo de soporte cr
502 ## - NOTA DE TESIS
Tipo de título Ingeniero Agrónomo Especialista en Parasitología Agrícola
Nombre de la institución que otorga el título Departamento de Enseñanza, Investigación y Servicio en Parasitología Agrícola,
Información miscelánea Licenciatura
504 ## - NOTA DE BIBLIOGRAFÍA, ETC.
Nota de bibliografía, etc. Incluye referencias bibliográficas: páginas 35-38
520 ## - SUMARIO, ETC.
Sumario, etc. En México el aguacate ocupa el segundo lugar en los productos agroalimentarios de mayor exportación. Además, aporta el 48 % de las exportaciones mundiales de este fruto, ocupando el primer lugar en el ranking. Las expectativas del cultivo han ocasionado el incremento en la superficie nacional. Chiapas del 2012 al 2017 <br/>presentó un crecimiento en su producción de 6,148 a 12,009 toneladas anuales. Sin embargo, el aspecto fitosanitario ocasiona pérdidas económicas significativas. Por ello es necesario generar información de plagas que no están presentes en el país, pero representan un riesgo inminente para la producción nacional de guacate, tales como los escarabajos de ambrosia, presentes en Estados Unidos. En Chiapas se reportó por técnicos un problema fitosanitario no identificado, debido a la carencia de antecedentes en el país. Los síntomas se describen como una decoloración atípica de hojas tornándose de verde, amarillo, café claro, beige a marrón. Dicho síntoma presente de manera localizada en ramas específicas, sin verse comprometida la integridad del resto del árbol. La invasión de haces vasculares se observa como una coloración descendiente en el duramen de la rama, por ende, el hongo es introducido por algún vector en alguna parte de la rama. Las perforaciones superficiales de la rama se identificaron como orificios de entrada de Scolytinae, se observó un exudado de color blanquecino y polvo de aserrín, lo cual indica que el agente responsable no se alimenta de madera, únicamente elimina este residuo durante la construcción de galerías en las que habita, siendo el vector de Fusarium sp, el cual se presenta de manera prominente como un crecimiento micelial de color blanco. En el presente trabajo se identificó morfológicamente y por sintomatología a la marchitez de ramas de aguacate como el complejo ambrosial Microcorthylus sp. – Fusarium sp., se elaboró una propuesta de manejo para reducir el impacto que pueda tener sobre la agricultura local y nacional.
650 #4 - PUNTO DE ACCESO ADICIONAL DE MATERIA--TÉRMINO DE MATERIA
9 (RLIN) 2543
Término de materia o nombre geográfico como elemento de entrada Aguacate
Subdivisión general Plagas
650 #4 - PUNTO DE ACCESO ADICIONAL DE MATERIA--TÉRMINO DE MATERIA
9 (RLIN) 2511
Término de materia o nombre geográfico como elemento de entrada Aguacate
Subdivisión general Enfermedades por hongos
650 #4 - PUNTO DE ACCESO ADICIONAL DE MATERIA--TÉRMINO DE MATERIA
9 (RLIN) 131720
Término de materia o nombre geográfico como elemento de entrada Hongos fitopatógenos
Subdivisión general Identificación
700 1# - PUNTO DE ACCESO ADICIONAL--NOMBRE DE PERSONA
9 (RLIN) 112025
Nombre de persona Tejeda Reyes, Manuel Alejandro
Término indicativo de función/relación director de tesis
700 1# - PUNTO DE ACCESO ADICIONAL--NOMBRE DE PERSONA
9 (RLIN) 751
Nombre de persona Acuayte Valdes, Erik
Término indicativo de función/relación secretario
700 1# - PUNTO DE ACCESO ADICIONAL--NOMBRE DE PERSONA
9 (RLIN) 10489
Nombre de persona Barrientos Priego, Alejandro F.
Término indicativo de función/relación vocal
700 1# - PUNTO DE ACCESO ADICIONAL--NOMBRE DE PERSONA
9 (RLIN) 117018
Nombre de persona Urzúa Gutiérrez, Jaime Alfredo
Término indicativo de función/relación suplente
700 1# - PUNTO DE ACCESO ADICIONAL--NOMBRE DE PERSONA
9 (RLIN) 19482
Nombre de persona Carrillo Fonseca, Calixto Leopoldo
Término indicativo de función/relación suplente
856 ## - LOCALIZACIÓN Y ACCESO ELECTRÓNICOS
Identificador Uniforme del Recurso http://10.13.5.2/tesis/tl/2021_PA_Becerra_Duran_LuisAlejandro.pdf
Nota pública DESCARGAR PDF
942 ## - ELEMENTOS DE PUNTO DE ACCESO ADICIONAL (KOHA)
Fuente del sistema de clasificación o colocación Clasificación Universidad Autónoma Chapingo
Tipo de ítem Koha Tesis digital
Holdings
Estado de retiro Estado de pérdida Fuente del sistema de clasificación o colocación Estado dañado Restricciones de uso No para préstamo Código de colección Localización permanente Ubicación/localización actual Ubicación en estantería Fecha de adquisición Total de préstamos Signatura topográfica completa Fecha visto por última vez Precio válido a partir de Tipo de ítem Koha
    Clasificación Universidad Autónoma de Chapingo   Préstamo interno   Tesis digitales de Licenciatura Biblioteca Digital Biblioteca Digital En línea 25/06/2024   Tesis digital 25/06/2024 25/06/2024 Tesis digital